We, the people of the United States, in order to form a more perfect union ...

Bibliographic Details
Corporate Authors: United States, United States. Constitutional Convention
Format: eBook
Language:English
Series:Early American imprints. Evans (1639-1800) ; no. 20822.
Online Access:Evans Digital Edition

MARC

Tag First Indicator Second Indicator Subfields
LEADER 00000cam a22000001a 4500
001 in00002147201
006 m e d #
007 cr mn mmmmabba
008 850523s1787 riu s f000 0 eng d
005 20260331151947.2
035 |z w015103 
035 |a MAAR8505233507B 
035 |9 mwa91-29328 
035 |a 346276 
035 |a aas03015103 
040 |a MWA  |c MWA  |e bdrb  |d UtOrBLW 
110 1 |a United States. 
240 1 0 |a Constitution 
245 1 0 |a We, the people of the United States, in order to form a more perfect union ... 
264 3 |a Providence :  |b Printed by John Carter,  |c [1787] 
300 |a 1 sheet (2 unnumbered pages) ;  |c 39 x 26 cm. 
336 |a text  |b txt  |2 rdacontent 
337 |a computer  |b c  |2 rdamedia 
338 |a online resource  |b cr  |2 rdacarrier 
500 |a Text of the Constitution as ratified by the Constitutional Convention, Sept. 17, 1787. 
500 |a Imprint from colophon. 
500 |a Text in three columns. 
510 4 |a Evans  |c 20822 
510 4 |a Alden, J.E. Rhode Island,  |c 1104 
530 |a Microform version available in the Readex Early American Imprints series. 
533 |a Electronic text and image data.  |b [Chester, Vt. :  |c Readex, a division of Newsbank, Inc.,  |d 2002-2004.  |e Includes files in TIFF, GIF and PDF formats with inclusion of keyword searchable text.  |f (Early American imprints. First series ; no. 20822). 
500 |a Electronic resource. 
710 1 |a United States.  |b Constitutional Convention  |d (1787) 
752 |a United States  |b Rhode Island  |d Providence. 
830 0 |a Early American imprints.  |n Series I,  |p Evans (1639-1800) ;  |v no. 20822. 
856 4 1 |u http://proxy.library.tamu.edu/login?url=https://opac.newsbank.com/select/evans/20822  |y Evans Digital Edition  |t 0 
999 |a MARS 
999 f f |s f1ab4df5-80f7-3c5e-8cbe-52b2149a3cd0  |i 9e2deae2-fb3b-3678-9318-37ac36161de8  |t 0 
952 f f |a Texas A&M University  |b College Station  |c Electronic Resources  |s www_evans  |d Available Online  |t 0  |h No information provided 
998 f f |t 0  |l Available Online